000
00243nam a22001217a 4500
999
_c
12750
_d
12750
020
_a
9789352861774
082
_a
530
245
_a
Conceptual Physics
250
_a
12th
260
_a
India
_b
Pearson
_c
2018
300
_a
814 pages
942
_c
BK